[Event "V4Liptov2018"]
[Site "?"]
[Date "2018.06.25"]
[Round "5.10"]
[White "Holly, Andrej"]
[Black "Krupa, Miroslav"]
[Result "1/2-1/2"]
[BlackElo "2037"]
[WhiteElo "1924"]
[LiveChessVersion "1.4.8"]

1. c4 {[%clk 1:00:52]} e6 {[%clk 1:00:53]} 2. g3 {[%clk 1:01:13]} Nf6
{[%clk 1:01:10]} 3. Bg2 {[%clk 1:01:33]} d5 {[%clk 1:01:16]} 4. Nf3
{[%clk 1:01:52]} Be7 {[%clk 1:00:06]} 5. O-O {[%clk 1:02:16]} O-O
{[%clk 1:00:27]} 6. b3 {[%clk 1:01:10]} b6 {[%clk 1:00:24]} 7. d3
{[%clk 1:00:51]} Bb7 {[%clk 1:00:46]} 8. Nbd2 {[%clk 1:01:04]} c5
{[%clk 0:57:57]} 9. Bb2 {[%clk 1:01:31]} Nc6 {[%clk 0:57:39]} 10. e4
{[%clk 1:00:39]} dxe4 {[%clk 0:55:17]} 11. dxe4 {[%clk 1:00:41]} Nb4
{[%clk 0:54:08]} 12. e5 {[%clk 0:49:05]} Ne4 {[%clk 0:53:29]} 13. Nxe4
{[%clk 0:41:25]} Bxe4 {[%clk 0:53:51]} 14. a3 {[%clk 0:38:18]} Nc2
{[%clk 0:43:17]} 15. Rc1 {[%clk 0:38:47]} Qxd1 {[%clk 0:43:33]} 16. Rfxd1
{[%clk 0:35:49]} Rad8 {[%clk 0:43:52]} 17. Nd2 {[%clk 0:33:01]} Bxg2
{[%clk 0:40:06]} 18. Kxg2 {[%clk 0:33:30]} Ne1+ {[%clk 0:38:00]} 19. Rxe1
{[%clk 0:29:09]} Rxd2 {[%clk 0:33:21]} 20. Bc3 {[%clk 0:29:38]} Rd3
{[%clk 0:29:40]} 21. Red1 {[%clk 0:29:24]} Rfd8 {[%clk 0:29:42]} 22. Rxd3
{[%clk 0:29:32]} Rxd3 {[%clk 0:30:07]} 23. Kf1 {[%clk 0:29:46]} Kf8
{[%clk 0:27:40]} 24. Ke2 {[%clk 0:30:06]} Rd7 {[%clk 0:28:05]} 25. a4
{[%clk 0:27:47]} Rb7 {[%clk 0:25:13]} 26. Rb1 {[%clk 0:24:51]} Ke8
{[%clk 0:22:51]} 27. Rd1 {[%clk 0:22:28]} a6 {[%clk 0:15:17]} 28. f4
{[%clk 0:19:31]} Rd7 {[%clk 0:11:18]} 29. Rxd7 {[%clk 0:17:26]} Kxd7
{[%clk 0:11:44]} 30. Ke3 {[%clk 0:16:55]} Kc6 {[%clk 0:10:49]} 31. Ke4
{[%clk 0:16:20]} g6 {[%clk 0:10:44]} 32. Be1 {[%clk 0:14:22]} a5 {[%clk 0:03:55]}
33. g4 {[%clk 0:14:05]} Kd7 {[%clk 0:04:02]} 34. f5 {[%clk 0:13:11]} Ke8
{[%clk 0:03:07]} 35. fxg6 {[%clk 0:06:57]} fxg6 {[%clk 0:03:13]} 36. h4
{[%clk 0:05:31]} Kf7 {[%clk 0:03:37]} 37. h5 {[%clk 0:04:44]} g5 {[%clk 0:03:04]}
38. Bd2 {[%clk 0:05:06]} h6 {[%clk 0:03:23]} 1/2-1/2

[Event "V4Liptov2018"]
[Site "?"]
[Date "2018.06.25"]
[Round "5.11"]
[White "Ocko, Dominik"]
[Black "Sivcak, Matej"]
[Result "1-0"]
[BlackElo "1879"]
[WhiteElo "1971"]
[LiveChessVersion "1.4.8"]

1. e4 {[%clk 1:00:56]} d6 {[%clk 1:00:30]} 2. d4 {[%clk 1:01:14]} Nf6
{[%clk 1:00:52]} 3. Nc3 {[%clk 1:01:32]} c6 {[%clk 1:00:57]} 4. h3
{[%clk 1:00:15]} Qa5 {[%clk 0:59:05]} 5. Bd2 {[%clk 0:58:47]} Qb6
{[%clk 0:58:36]} 6. Nf3 {[%clk 0:58:01]} Qxb2 {[%clk 0:52:36]} 7. Rb1
{[%clk 0:46:50]} Qa3 {[%clk 0:52:24]} 8. e5 {[%clk 0:37:32]} Ng8 {[%clk 0:36:54]}
9. Bc4 {[%clk 0:34:32]} e6 {[%clk 0:27:24]} 10. O-O {[%clk 0:20:18]} Qa5
{[%clk 0:26:45]} 11. Ne4 {[%clk 0:15:31]} Qc7 {[%clk 0:26:02]} 12. Bb4
{[%clk 0:12:53]} dxe5 {[%clk 0:24:28]} 13. Bxf8 {[%clk 0:12:22]} Kxf8
{[%clk 0:24:53]} 14. Nxe5 {[%clk 0:08:40]} Nd7 {[%clk 0:18:19]} 15. Nxf7
{[%clk 0:06:50]} Kxf7 {[%clk 0:17:28]} 16. Ng5+ {[%clk 0:06:50]} Ke7
{[%clk 0:14:31]} 17. Nxe6 {[%clk 0:06:48]} Qa5 {[%clk 0:12:17]} 18. Re1
{[%clk 0:05:41]} Nb6 {[%clk 0:11:24]} 19. Re5 {[%clk 0:01:03]} Qc3
{[%clk 0:05:23]} 20. Nc5+ {[%clk 0:00:45]} Kf8 {[%clk 0:01:58]} 21. Bxg8
{[%clk 0:00:38]} Rxg8 {[%clk 0:01:43]} 22. Rb3 {[%clk 0:00:59]} Qc4
{[%clk 0:01:19]} 23. Rf3+ {[%clk 0:01:16]} 1-0

[Event "V4Liptov2018"]
[Site "?"]
[Date "2018.06.25"]
[Round "5.12"]
[White "Korenova, Simona"]
[Black "Gresova, Zuzana"]
[Result "1/2-1/2"]
[BlackElo "1920"]
[WhiteElo "1736"]
[LiveChessVersion "1.4.8"]

1. d4 {[%clk 1:00:57]} d5 {[%clk 1:00:54]} 2. c4 {[%clk 1:01:08]} c6
{[%clk 1:01:08]} 3. Nc3 {[%clk 1:01:27]} Nf6 {[%clk 1:01:09]} 4. e3
{[%clk 1:01:34]} e6 {[%clk 1:00:39]} 5. Nf3 {[%clk 1:01:09]} Nbd7
{[%clk 1:00:11]} 6. a3 {[%clk 1:00:25]} Be7 {[%clk 0:58:32]} 7. Bd3
{[%clk 0:59:55]} dxc4 {[%clk 0:56:17]} 8. Bxc4 {[%clk 0:59:59]} b5
{[%clk 0:54:59]} 9. Bd3 {[%clk 0:59:50]} a6 {[%clk 0:53:38]} 10. O-O
{[%clk 0:59:20]} Bb7 {[%clk 0:49:37]} 11. Bd2 {[%clk 0:56:15]} c5
{[%clk 0:46:01]} 12. dxc5 {[%clk 0:53:22]} Nxc5 {[%clk 0:45:29]} 13. Be2
{[%clk 0:50:55]} O-O {[%clk 0:42:45]} 14. b4 {[%clk 0:49:47]} Nce4
{[%clk 0:39:24]} 15. Rc1 {[%clk 0:46:04]} Rc8 {[%clk 0:35:39]} 16. Nxe4
{[%clk 0:42:22]} Nxe4 {[%clk 0:33:33]} 17. Rxc8 {[%clk 0:41:07]} Qxc8
{[%clk 0:29:45]} 18. Qc1 {[%clk 0:36:27]} Qa8 {[%clk 0:24:16]} 19. Rd1
{[%clk 0:30:34]} Bf6 {[%clk 0:21:20]} 20. Qb1 {[%clk 0:14:28]} Rd8
{[%clk 0:18:37]} 21. Be1 {[%clk 0:13:24]} h6 {[%clk 0:13:47]} 22. Rxd8+
{[%clk 0:12:26]} Qxd8 {[%clk 0:13:35]} 23. Bd3 {[%clk 0:08:31]} Qd5
{[%clk 0:08:55]} 24. Bxe4 {[%clk 0:08:02]} Qxe4 {[%clk 0:09:17]} 25. Qxe4
{[%clk 0:08:08]} Bxe4 {[%clk 0:09:39]} 26. Nd4 {[%clk 0:07:17]} Bxd4
{[%clk 0:06:00]} 27. exd4 {[%clk 0:07:39]} Kf8 {[%clk 0:06:00]} 28. f3
{[%clk 0:07:50]} Bb1 {[%clk 0:05:56]} 29. Kf2 {[%clk 0:07:36]} Ke7
{[%clk 0:06:06]} 30. Ke3 {[%clk 0:07:58]} Kd6 {[%clk 0:06:04]} 31. Kd2
{[%clk 0:07:14]} Kd5 {[%clk 0:06:09]} 32. Kc3 {[%clk 0:07:36]} Ba2
{[%clk 0:06:15]} 33. Bg3 {[%clk 0:03:19]} Bc4 {[%clk 0:05:59]} 34. Bc7
{[%clk 0:02:42]} h5 {[%clk 0:05:39]} 35. Bb6 {[%clk 0:00:59]} Bf1
{[%clk 0:05:02]} 36. g3 {[%clk 0:01:15]} Be2 {[%clk 0:05:21]} 37. f4
{[%clk 0:00:36]} Bc4 {[%clk 0:05:12]} 38. Kd2 {[%clk 0:00:41]} Ke4
{[%clk 0:05:36]} 39. Ke1 {[%clk 0:00:33]} Kf3 {[%clk 0:05:48]} 40. Kd2
{[%clk 0:00:33]} Bd5 {[%clk 0:05:48]} 41. Bd8 {[%clk 0:00:37]} Kg2
{[%clk 0:05:30]} 42. Ke3 {[%clk 0:00:49]} Kxh2 {[%clk 0:05:28]} 43. Kf2
{[%clk 0:01:07]} Kh3 {[%clk 0:05:45]} 44. Be7 {[%clk 0:01:07]} Kg4
{[%clk 0:05:43]} 45. Bd8 {[%clk 0:01:24]} f6 {[%clk 0:05:11]} 46. Be7
{[%clk 0:01:39]} Kf5 {[%clk 0:05:09]} 47. Ke3 {[%clk 0:01:55]} g5
{[%clk 0:02:40]} 48. fxg5 {[%clk 0:00:37]} fxg5 {[%clk 0:03:03]} 49. Bd8
{[%clk 0:00:49]} Kg4 {[%clk 0:02:58]} 50. Kf2 {[%clk 0:01:14]} h4
{[%clk 0:01:17]} 51. gxh4 {[%clk 0:01:23]} gxh4 {[%clk 0:00:56]} 52. Bc7
{[%clk 0:01:01]} Kf5 {[%clk 0:00:55]} 53. Ke3 {[%clk 0:01:06]} h3
{[%clk 0:01:17]} 54. Be5 {[%clk 0:01:16]} Kg4 {[%clk 0:01:18]} 1/2-1/2

[Event "V4Liptov2018"]
[Site "?"]
[Date "2018.06.25"]
[Round "5.13"]
[White "Bango, Lukas"]
[Black "Sankova, Stella"]
[Result "1-0"]
[BlackElo "2102"]
[WhiteElo "2130"]
[LiveChessVersion "1.4.8"]

1. d4 {[%clk 1:00:56]} Nf6 {[%clk 1:00:46]} 2. Nf3 {[%clk 1:01:07]} e6
{[%clk 1:00:56]} 3. c4 {[%clk 1:01:31]} Bb4+ {[%clk 1:00:08]} 4. Bd2
{[%clk 1:00:57]} c5 {[%clk 1:00:34]} 5. g3 {[%clk 1:00:47]} b6 {[%clk 0:59:00]}
6. Bg2 {[%clk 1:00:53]} Bb7 {[%clk 0:59:26]} 7. Bxb4 {[%clk 1:00:37]} cxb4
{[%clk 0:59:51]} 8. O-O {[%clk 1:01:01]} O-O {[%clk 1:00:13]} 9. Nbd2
{[%clk 1:00:30]} d6 {[%clk 0:59:51]} 10. a3 {[%clk 0:59:22]} bxa3
{[%clk 1:00:04]} 11. Rxa3 {[%clk 0:59:45]} Nc6 {[%clk 0:55:51]} 12. Qa4
{[%clk 0:56:05]} Qc7 {[%clk 0:53:00]} 13. b4 {[%clk 0:54:43]} a5 {[%clk 0:52:35]}
14. b5 {[%clk 0:53:34]} Nb4 {[%clk 0:52:46]} 15. Rc1 {[%clk 0:53:51]} Nd7
{[%clk 0:47:23]} 16. Rac3 {[%clk 0:51:31]} e5 {[%clk 0:42:23]} 17. e3
{[%clk 0:51:48]} Rac8 {[%clk 0:35:00]} 18. Qa3 {[%clk 0:36:40]} Qb8
{[%clk 0:28:09]} 19. Nb3 {[%clk 0:31:16]} Qa8 {[%clk 0:27:07]} 20. Ne1
{[%clk 0:31:38]} Bxg2 {[%clk 0:27:03]} 21. Nxg2 {[%clk 0:32:05]} Qa7
{[%clk 0:23:42]} 22. Na1 {[%clk 0:30:01]} Qb8 {[%clk 0:20:36]} 23. Nc2
{[%clk 0:29:59]} Nxc2 {[%clk 0:20:49]} 24. R3xc2 {[%clk 0:30:02]} Rfe8
{[%clk 0:20:14]} 25. h4 {[%clk 0:25:39]} Re6 {[%clk 0:15:00]} 26. Rd2
{[%clk 0:18:43]} Qb7 {[%clk 0:13:37]} 27. Rcd1 {[%clk 0:16:12]} Rxc4
{[%clk 0:12:34]} 28. dxe5 {[%clk 0:16:35]} Nxe5 {[%clk 0:12:50]} 29. Rxd6
{[%clk 0:16:54]} Nf3+ {[%clk 0:11:49]} 30. Kh1 {[%clk 0:15:33]} Rxd6
{[%clk 0:11:38]} 31. Qxd6 {[%clk 0:15:52]} g6 {[%clk 0:11:57]} 32. Qf6
{[%clk 0:14:56]} Rc8 {[%clk 0:11:46]} 33. h5 {[%clk 0:13:18]} gxh5
{[%clk 0:11:58]} 34. Qf5 {[%clk 0:13:27]} Rc5 {[%clk 0:11:05]} 35. Qf6
{[%clk 0:12:39]} Rc8 {[%clk 0:11:32]} 36. Qf4 {[%clk 0:11:30]} Kg7
{[%clk 0:10:36]} 37. e4 {[%clk 0:11:49]} Rc3 {[%clk 0:10:23]} 38. Ne3
{[%clk 0:12:00]} a4 {[%clk 0:09:03]} 39. Nf5+ {[%clk 0:12:05]} 1-0

[Event "V4Liptov2018"]
[Site "?"]
[Date "2018.06.25"]
[Round "5.14"]
[White "Bielik, Jakub"]
[Black "Slaba, Andrea"]
[Result "1-0"]
[BlackElo "1936"]
[WhiteElo "1975"]
[LiveChessVersion "1.4.8"]

1. e4 {[%clk 1:00:19]} b6 {[%clk 1:00:51]} 2. d4 {[%clk 1:00:31]} Bb7
{[%clk 1:01:14]} 3. Bd3 {[%clk 1:00:02]} e6 {[%clk 1:01:30]} 4. Nf3
{[%clk 1:00:17]} Nf6 {[%clk 1:01:36]} 5. e5 {[%clk 0:59:55]} Nd5 {[%clk 1:01:57]}
6. a3 {[%clk 1:00:16]} c5 {[%clk 1:01:23]} 7. dxc5 {[%clk 0:56:17]} Bxc5
{[%clk 1:01:43]} 8. O-O {[%clk 0:56:28]} Nc6 {[%clk 0:59:37]} 9. c4
{[%clk 0:51:44]} Nc7 {[%clk 0:59:26]} 10. Nc3 {[%clk 0:51:40]} d5
{[%clk 0:58:13]} 11. exd6 {[%clk 0:48:18]} Bxd6 {[%clk 0:58:25]} 12. Qe2
{[%clk 0:44:01]} Qe7 {[%clk 0:56:47]} 13. Ne4 {[%clk 0:42:49]} O-O-O
{[%clk 0:55:48]} 14. Bc2 {[%clk 0:39:35]} h6 {[%clk 0:54:58]} 15. b4
{[%clk 0:36:34]} f5 {[%clk 0:50:42]} 16. Nxd6+ {[%clk 0:36:55]} Qxd6
{[%clk 0:51:05]} 17. Rd1 {[%clk 0:35:53]} Qe7 {[%clk 0:50:47]} 18. Bb2
{[%clk 0:36:16]} Rxd1+ {[%clk 0:49:01]} 19. Rxd1 {[%clk 0:36:38]} Re8
{[%clk 0:48:08]} 20. Ba4 {[%clk 0:33:57]} Rd8 {[%clk 0:46:34]} 21. Rxd8+
{[%clk 0:30:50]} Nxd8 {[%clk 0:46:38]} 22. Qd3 Bc6 {[%clk 0:44:48]} 23. Bb3
{[%clk 0:25:40]} Ne8 {[%clk 0:43:36]} 24. Ne5 {[%clk 0:23:48]} Be4
{[%clk 0:43:10]} 25. Qd2 {[%clk 0:24:11]} Nf6 {[%clk 0:37:39]} 26. Ba4
{[%clk 0:18:35]} Qc7 {[%clk 0:32:34]} 27. Qd4 Nc6 {[%clk 0:27:21]} 28. Nxc6
{[%clk 0:14:52]} Bxc6 {[%clk 0:27:48]} 29. Bd1 {[%clk 0:15:10]} Ne8
{[%clk 0:20:23]} 30. Bb3 {[%clk 0:10:00]} Qd7 {[%clk 0:19:37]} 31. Qxd7+
{[%clk 0:10:04]} Kxd7 {[%clk 0:20:03]} 32. f3 {[%clk 0:08:51]} g6
{[%clk 0:19:59]} 33. Kf2 {[%clk 0:08:51]} Kd6 {[%clk 0:19:56]} 34. Ke3
{[%clk 0:08:10]} e5 {[%clk 0:15:37]} 35. c5+ {[%clk 0:06:25]} bxc5
{[%clk 0:16:03]} 36. bxc5+ {[%clk 0:06:49]} Kxc5 {[%clk 0:16:29]} 37. Bxe5
{[%clk 0:07:15]} a6 {[%clk 0:14:29]} 38. Bd4+ {[%clk 0:04:25]} Kd6
{[%clk 0:14:21]} 39. g3 {[%clk 0:04:12]} Bd5 {[%clk 0:13:33]} 40. Bc2
{[%clk 0:03:44]} Bc4 {[%clk 0:11:18]} 41. f4 {[%clk 0:03:10]} Ke6
{[%clk 0:10:51]} 42. Be5 {[%clk 0:02:25]} Nd6 {[%clk 0:08:16]} 43. Bg7
{[%clk 0:02:17]} Bd5 {[%clk 0:06:46]} 44. a4 {[%clk 0:01:18]} h5 {[%clk 0:07:00]}
45. Kd4 {[%clk 0:00:53]} Ne4 {[%clk 0:06:50]} 46. Bd3 {[%clk 0:00:49]} a5
{[%clk 0:04:48]} 47. Bc4 {[%clk 0:00:55]} Bxc4 {[%clk 0:04:24]} 48. Kxc4
{[%clk 0:01:22]} Nd2+ {[%clk 0:04:07]} 49. Kb5 {[%clk 0:01:48]} Kd5
{[%clk 0:04:18]} 50. Bc3 {[%clk 0:01:46]} Nf1 {[%clk 0:04:25]} 51. Bxa5
{[%clk 0:02:10]} Nxh2 {[%clk 0:04:45]} 52. Be1 {[%clk 0:02:35]} Nf3
{[%clk 0:05:05]} 53. Bf2 {[%clk 0:02:55]} Ke4 {[%clk 0:03:08]} 54. a5
{[%clk 0:03:04]} Kd3 {[%clk 0:03:13]} 55. a6 {[%clk 0:03:23]} Ke2
{[%clk 0:03:31]} 56. Bc5 {[%clk 0:03:06]} 1-0

[Event "V4Liptov2018"]
[Site "?"]
[Date "2018.06.25"]
[Round "5.15"]
[White "Bango, Dominik"]
[Black "Zahorcek, Jakub"]
[Result "1/2-1/2"]
[BlackElo "1579"]
[WhiteElo "1861"]
[LiveChessVersion "1.4.8"]

1. e4 {[%clk 1:00:59]} e6 {[%clk 1:01:14]} 2. d4 {[%clk 1:01:25]} d5
{[%clk 1:01:25]} 3. exd5 {[%clk 1:01:50]} exd5 {[%clk 1:01:33]} 4. Bd3
{[%clk 1:02:16]} Nf6 {[%clk 1:01:03]} 5. Bf4 {[%clk 1:02:16]} Bd6
{[%clk 1:01:02]} 6. Bxd6 {[%clk 1:01:35]} Qxd6 {[%clk 1:01:14]} 7. Nf3
{[%clk 1:02:00]} Bg4 {[%clk 1:01:20]} 8. Nbd2 {[%clk 1:02:12]} O-O
{[%clk 0:59:54]} 9. O-O {[%clk 1:02:33]} Re8 {[%clk 0:57:49]} 10. c3
{[%clk 1:02:39]} Nbd7 {[%clk 0:55:39]} 11. Qc2 {[%clk 1:02:54]} Bxf3
{[%clk 0:51:43]} 12. Nxf3 {[%clk 1:03:02]} Ne4 {[%clk 0:52:01]} 13. Rfe1
{[%clk 1:02:56]} Ndf6 {[%clk 0:47:14]} 14. Ne5 {[%clk 1:01:52]} c5
{[%clk 0:45:01]} 15. f3 {[%clk 0:57:50]} Ng5 {[%clk 0:44:08]} 16. dxc5
{[%clk 0:56:26]} Qxc5+ {[%clk 0:43:49]} 17. Qf2 {[%clk 0:56:38]} Qxf2+
{[%clk 0:42:15]} 18. Kxf2 {[%clk 0:57:03]} Rad8 {[%clk 0:42:31]} 19. h4
{[%clk 0:55:48]} Ne6 {[%clk 0:39:56]} 20. Rad1 {[%clk 0:55:57]} a6
{[%clk 0:38:47]} 21. Bc2 {[%clk 0:54:33]} d4 {[%clk 0:31:59]} 22. c4
{[%clk 0:54:02]} Nc5 {[%clk 0:28:24]} 23. Nd3 {[%clk 0:53:07]} b6
{[%clk 0:26:34]} 24. b4 {[%clk 0:52:42]} Ne6 {[%clk 0:26:17]} 25. Bb3
{[%clk 0:51:15]} Rc8 {[%clk 0:18:07]} 26. c5 {[%clk 0:48:28]} bxc5
{[%clk 0:18:23]} 27. Bxe6 {[%clk 0:48:51]} Rxe6 {[%clk 0:16:51]} 28. Nxc5
{[%clk 0:47:38]} Rd6 {[%clk 0:15:46]} 29. Nd3 {[%clk 0:46:43]} Rc2+
{[%clk 0:13:07]} 30. Re2 {[%clk 0:47:03]} Rdc6 {[%clk 0:12:16]} 31. Rdd2
{[%clk 0:45:10]} Rxd2 {[%clk 0:09:23]} 32. Rxd2 {[%clk 0:45:35]} Rc4
{[%clk 0:09:44]} 33. a3 {[%clk 0:39:38]} Rc3 {[%clk 0:09:00]} 34. a4
{[%clk 0:38:01]} Rb3 {[%clk 0:06:33]} 35. Rc2 {[%clk 0:25:33]} h6
{[%clk 0:06:15]} 36. Ke2 {[%clk 0:25:32]} Nd5 {[%clk 0:05:53]} 37. Rc6
{[%clk 0:24:38]} Nxb4 {[%clk 0:03:25]} 38. Nxb4 {[%clk 0:23:28]} Rxb4
{[%clk 0:03:50]} 39. Rxa6 {[%clk 0:23:50]} g6 {[%clk 0:03:20]} 40. Kd3
{[%clk 0:23:14]} Kg7 {[%clk 0:03:32]} 41. f4 {[%clk 0:23:23]} h5 {[%clk 0:03:36]}
42. a5 {[%clk 0:23:27]} Ra4 {[%clk 0:03:32]} 43. Ra7 {[%clk 0:21:39]} Kf6
{[%clk 0:03:38]} 44. g3 {[%clk 0:21:34]} Ke6 {[%clk 0:03:25]} 45. a6
{[%clk 0:19:16]} Kd5 {[%clk 0:03:22]} 46. Ra8 {[%clk 0:13:42]} Ra3+
{[%clk 0:03:41]} 47. Kd2 {[%clk 0:14:02]} Kc6 {[%clk 0:03:13]} 48. a7
{[%clk 0:11:13]} Kb6 {[%clk 0:02:54]} 49. Rd8 {[%clk 0:10:11]} Rxa7
{[%clk 0:02:55]} 1/2-1/2

[Event "V4Liptov2018"]
[Site "?"]
[Date "2018.06.25"]
[Round "5.16"]
[White "Kostelansky, Karol"]
[Black "Kramar, Matus"]
[Result "1/2-1/2"]
[BlackElo "1680"]
[WhiteElo "1607"]
[LiveChessVersion "1.4.8"]

1. e4 {[%clk 1:00:57]} c5 {[%clk 1:00:46]} 2. Nf3 {[%clk 1:01:11]} Nc6
{[%clk 1:00:39]} 3. d4 {[%clk 1:01:16]} cxd4 {[%clk 1:00:40]} 4. Nxd4
{[%clk 1:01:40]} Nf6 {[%clk 1:01:03]} 5. Nc3 {[%clk 1:00:58]} g6 {[%clk 1:01:18]}
6. Be3 {[%clk 1:00:29]} Bg7 {[%clk 1:01:23]} 7. f3 {[%clk 1:00:43]} O-O
{[%clk 1:01:44]} 8. Qd2 {[%clk 1:00:05]} d5 {[%clk 0:58:37]} 9. exd5
{[%clk 0:49:08]} Nxd5 {[%clk 0:58:50]} 10. Nxc6 {[%clk 0:49:03]} bxc6
{[%clk 0:59:09]} 11. Nxd5 {[%clk 0:48:32]} cxd5 {[%clk 0:58:18]} 12. O-O-O
{[%clk 0:34:37]} Be6 {[%clk 0:53:44]} 13. Bd4 {[%clk 0:32:36]} Rb8
{[%clk 0:43:29]} 14. h4 {[%clk 0:29:49]} Qc7 {[%clk 0:41:15]} 15. h5
{[%clk 0:28:56]} Bxd4 {[%clk 0:29:42]} 16. Qxd4 {[%clk 0:28:32]} Bf5
{[%clk 0:29:39]} 17. Bd3 {[%clk 0:25:28]} Bxd3 {[%clk 0:27:32]} 18. Rxd3
{[%clk 0:24:05]} Rfc8 {[%clk 0:27:32]} 19. Rc3 {[%clk 0:23:41]} Qb6
{[%clk 0:26:26]} 20. Qxb6 {[%clk 0:19:19]} axb6 {[%clk 0:26:43]} 21. Rxc8+
{[%clk 0:19:16]} Rxc8 {[%clk 0:27:11]} 22. hxg6 hxg6 {[%clk 0:26:39]} 23. Rh4
{[%clk 0:19:09]} e5 {[%clk 0:26:21]} 24. Rb4 {[%clk 0:19:19]} Rc6
{[%clk 0:26:18]} 25. Rb5 {[%clk 0:19:09]} Rd6 {[%clk 0:26:26]} 26. Kd2
{[%clk 0:18:38]} f5 {[%clk 0:24:36]} 27. Ke3 {[%clk 0:18:18]} Kf7
{[%clk 0:24:12]} 28. a4 {[%clk 0:09:57]} Ke6 {[%clk 0:21:42]} 29. a5
{[%clk 0:09:22]} bxa5 {[%clk 0:21:21]} 30. Rxa5 {[%clk 0:09:42]} Rb6
{[%clk 0:19:06]} 31. b3 {[%clk 0:08:29]} Rc6 {[%clk 0:18:56]} 32. Kd2
{[%clk 0:08:17]} e4 {[%clk 0:17:42]} 33. Ra8 {[%clk 0:07:58]} d4 {[%clk 0:17:23]}
34. fxe4 {[%clk 0:07:55]} fxe4 {[%clk 0:17:52]} 35. Re8+ {[%clk 0:08:24]} Kd5
{[%clk 0:16:09]} 36. Rd8+ {[%clk 0:08:20]} Kc5 {[%clk 0:14:30]} 37. Re8
{[%clk 0:08:17]} Kd5 {[%clk 0:14:29]} 38. Rd8+ {[%clk 0:07:05]} Kc5
{[%clk 0:13:37]} 39. Re8 {[%clk 0:07:25]} Kd5 {[%clk 0:10:30]} 40. Rd8+
{[%clk 0:07:33]} 1/2-1/2

[Event "V4Liptov2018"]
[Site "?"]
[Date "2018.06.25"]
[Round "5.17"]
[White "Postanogov, Dmitrii"]
[Black "Kulesza, Andrzej"]
[Result "0-1"]
[BlackElo "1934"]
[WhiteElo "1743"]
[LiveChessVersion "1.4.8"]

1. e4 {[%clk 1:00:58]} c5 {[%clk 1:00:47]} 2. c3 {[%clk 1:01:16]} d5
{[%clk 1:00:56]} 3. exd5 {[%clk 1:01:38]} Qxd5 {[%clk 1:01:21]} 4. d4
{[%clk 1:02:00]} Nc6 {[%clk 1:01:12]} 5. Nf3 {[%clk 1:02:22]} cxd4
{[%clk 1:01:08]} 6. cxd4 {[%clk 1:02:43]} e5 {[%clk 1:00:55]} 7. Nc3
{[%clk 1:03:05]} Bb4 {[%clk 1:00:33]} 8. Bd2 {[%clk 1:03:26]} Bxc3
{[%clk 1:00:27]} 9. Bxc3 {[%clk 1:03:50]} e4 {[%clk 1:00:05]} 10. Ne5
{[%clk 1:04:13]} Nxe5 {[%clk 0:59:43]} 11. dxe5 {[%clk 1:04:34]} Ne7
{[%clk 0:59:34]} 12. Qa4+ {[%clk 1:04:56]} Bd7 {[%clk 0:59:11]} 13. Qa3
{[%clk 1:04:44]} Qe6 {[%clk 0:58:03]} 14. Be2 {[%clk 0:51:10]} Bc6
{[%clk 0:48:18]} 15. O-O {[%clk 0:40:47]} O-O {[%clk 0:44:23]} 16. Rfd1
{[%clk 0:35:57]} Rfe8 {[%clk 0:40:28]} 17. Rd6 {[%clk 0:23:16]} Qf5
{[%clk 0:39:49]} 18. Rad1 {[%clk 0:23:38]} Ng6 {[%clk 0:35:48]} 19. Qc5
{[%clk 0:22:45]} Qg5 {[%clk 0:35:24]} 20. Bf1 {[%clk 0:21:26]} Nxe5
{[%clk 0:33:05]} 21. Bxe5 {[%clk 0:15:23]} Qxe5 {[%clk 0:33:28]} 22. Qxe5
{[%clk 0:11:05]} Rxe5 {[%clk 0:33:53]} 23. Bc4 {[%clk 0:10:25]} Kf8
{[%clk 0:32:58]} 24. b4 {[%clk 0:07:25]} Rc8 {[%clk 0:29:30]} 25. Bb3
{[%clk 0:06:13]} Ke7 {[%clk 0:26:35]} 26. R6d4 {[%clk 0:06:15]} a5
{[%clk 0:24:25]} 27. bxa5 {[%clk 0:06:28]} Rxa5 {[%clk 0:24:40]} 28. Re1
{[%clk 0:06:32]} Rd8 {[%clk 0:23:55]} 29. Rxd8 {[%clk 0:06:53]} Kxd8
{[%clk 0:24:19]} 30. Bxf7 {[%clk 0:07:19]} Rg5 {[%clk 0:23:25]} 31. g3
{[%clk 0:07:30]} Ke7 {[%clk 0:23:30]} 32. Bb3 {[%clk 0:07:52]} Kd6
{[%clk 0:23:40]} 33. Rd1+ {[%clk 0:06:07]} Kc5 {[%clk 0:23:47]} 34. h4
{[%clk 0:03:42]} Rf5 35. a3 {[%clk 0:02:46]} Rf3 {[%clk 0:23:35]} 36. Bg8
{[%clk 0:02:46]} h6 {[%clk 0:23:44]} 37. Rc1+ {[%clk 0:02:25]} Kb5
{[%clk 0:24:06]} 38. Rb1+ {[%clk 0:02:25]} Ka4 {[%clk 0:24:06]} 39. Re1
{[%clk 0:02:51]} Kxa3 {[%clk 0:24:17]} 40. Bh7 {[%clk 0:03:17]} e3
{[%clk 0:24:23]} 41. Rxe3+ {[%clk 0:02:38]} Rxe3 {[%clk 0:24:23]} 42. fxe3
{[%clk 0:03:06]} b5 {[%clk 0:24:49]} 43. Kf2 {[%clk 0:03:33]} Kb2
{[%clk 0:24:59]} 44. e4 {[%clk 0:03:54]} b4 {[%clk 0:25:20]} 45. Ke3
{[%clk 0:04:21]} Kc3 {[%clk 0:25:20]} 46. e5 {[%clk 0:04:09]} b3 {[%clk 0:25:19]}
47. e6 {[%clk 0:03:59]} b2 {[%clk 0:25:07]} 48. e7 {[%clk 0:04:18]} Be8
{[%clk 0:25:22]} 49. Bb1 {[%clk 0:04:29]} Kc4 {[%clk 0:24:28]} 50. g4
{[%clk 0:00:43]} Kd5 {[%clk 0:24:37]} 51. g5 {[%clk 0:00:40]} h5 {[%clk 0:24:55]}
52. Kd2 {[%clk 0:01:05]} Ke6 {[%clk 0:24:51]} 53. Kc3 {[%clk 0:01:29]} Kxe7
{[%clk 0:25:17]} 54. Kxb2 {[%clk 0:01:55]} Ke6 {[%clk 0:25:43]} 55. Kc3
{[%clk 0:02:15]} Ke5 {[%clk 0:25:38]} 56. Kd2 {[%clk 0:01:42]} Kf4
{[%clk 0:26:03]} 57. Ke2 {[%clk 0:02:06]} Kg4 {[%clk 0:26:26]} 58. Ke3
{[%clk 0:02:30]} Bf7 59. Bh7 Kxh4 {[%clk 0:24:57]} 60. g6 {[%clk 0:02:04]} Ba2
{[%clk 0:25:11]} 61. Kf4 {[%clk 0:02:24]} Bb3 {[%clk 0:24:53]} 62. Kf5
{[%clk 0:02:16]} Kg3 {[%clk 0:25:07]} 63. Ke5 {[%clk 0:02:40]} Kg4
{[%clk 0:24:59]} 64. Kd6 {[%clk 0:03:00]} Kg5 {[%clk 0:25:19]} 65. Ke7
{[%clk 0:03:25]} h4 {[%clk 0:25:42]} 0-1